| 000 | 00355 a2200169 4500 | ||
|---|---|---|---|
| 001 | 162418 | ||
| 020 | _a85-16-01312-X | ||
| 040 | _cMagnum | ||
| 100 | _aMarcon, Helena Carolina | ||
| 240 | 1 | 0 |
_aGaveta mágica _lpor |
| 245 | 1 | 0 | _aGaveta mágica |
| 300 | _a16 | ||
| 362 | 0 | _a1995 | |
| 440 | 1 | _aModerna | |
| 697 | _aLITERATURA INFANTIL | ||
| 942 | _cBK | ||
| 999 |
_c162418 _d162418 |
||